000 00430nam a2200181Ia 4500
001 16650
005 20260306170325.0
008 260306t2019||||xx |||||||||||||| ||und||
041 _aESP
082 _a349.85
_bR24A
100 _aRamos Núñez, Carlos,
_eAUT
245 0 _aHistoria del derecho peruano
260 _c2019
300 _a133 páginas :
_c21 cm.
650 _aGEN
654 _aCDE
942 _cLIB
_dJUS
_fJUS
_2ddc
_n
999 _c16650
_d16650